Bibliography and Abstracts of Papers in Flora of Kerela/ (Record no. 206937)

MARC details
000 -LEADER
fixed length control field 00861nam a22002297a 4500
005 - DATE AND TIME OF LATEST TRANSACTION
control field 20241108144011.0
010 ## - LCCN (DPL NO)
LC control number ENG-142602
020 ## - INTERNATIONAL STANDARD BOOK NUMBER
International Standard Book Number 9788192503950
Terms of availability 275.00
035 ## - SYSTEM CONTROL NUMBER
System control number EN-126134
037 ## - SOURCE OF ACQUISITION
Source of stock number/acquisition DBAD
082 ## - DEWEY DECIMAL CLASSIFICATION NUMBER
Classification number 954.33
Edition number 1
245 ## - TITLE STATEMENT
Title Bibliography and Abstracts of Papers in Flora of Kerela/
Statement of responsibility, etc Compiled by P. Lakshminarasimhan...[et.al]
250 ## - EDITION STATEMENT
Edition statement 1
260 ## - PUBLICATION, DISTRIBUTION, ETC. (IMPRINT)
Place of publication, distribution, etc Howrah, Kolkata
Name of publisher, distributor, etc Botanical Survey of India
270 ## - ADDRESS
Address Ministry of Environment ,Forest & Climate Change, Govt. of India,3rd MSO Building, CGO Complex
City Howrah,Kolkata
Postal code 711103
300 ## - PHYSICAL DESCRIPTION
Extent 288p.
Dimensions 24cm.(pb)
Other physical details ill.
700 ## - ADDED ENTRY--PERSONAL NAME
Personal name Lakshminarasimhan, P.
Relator term Compiled
9 (RLIN) 73809
700 ## - ADDED ENTRY--PERSONAL NAME
Personal name Arisdason, W.
Relator term Compiled
9 (RLIN) 73810
700 ## - ADDED ENTRY--PERSONAL NAME
Personal name Gantait, Soumen
Relator term Compiled
9 (RLIN) 73811
700 ## - ADDED ENTRY--PERSONAL NAME
Personal name Bandyopadhyay, Subir
Relator term Compiled
9 (RLIN) 73812
942 ## - ADDED ENTRY ELEMENTS (KOHA)
Source of classification or shelving scheme Dewey Decimal Classification
Item type English Books
Call number suffix BIB
Classification part 954.33
Holdings
Withdrawn status Lost status Not for loan Collection code Home library Current library Date acquired Source of acquisition Cost, normal purchase price Full call number Barcode Copy number Cost, replacement price Koha item type
      Non-fiction Sarojini Nagar Sarojini Nagar 08/11/2024 Delivery of Books Act Division 275.00 BIB 954.33 EN-126134 1 275.00 English Books

© Delhi Public Library
Hit Counter
free hit counter